Viaje al infinito matemático : (Record no. 192155)

MARC details
000 -LEADER
campo de control de longitud fija 01062nam a2200289 i 4500
001 - NÚMERO DE CONTROL
campo de control 192155
003 - IDENTIFICADOR DE NÚMERO DE CONTROL
campo de control SpMaBN
005 - FECHA Y HORA DE LA ÚLTIMA TRANSACCIÓN
campo de control 20240130210145.0
008 - DATOS DE LONGITUD FIJA--INFORMACIÓN GENERAL
campo de control de longitud fija 221107s2020 sp | |||| 000 0 spa
017 ## - NÚMERO DE COPYRIGHT O DE DEPÓSITO LEGAL
Número de copyright o de depósito legal AL 2118-2020
Agencia que asigna Oficina Depósito Legal Almería
020 ## - NÚMERO INTERNACIONAL ESTÁNDAR DEL LIBRO
Número Internacional Estándar del Libro 978-84-18542-08-4
040 ## - FUENTE DE CATALOGACIÓN
Centro/agencia transcriptor SpMaBN
080 ## - NÚMERO DE LA CLASIFICACIÓN DECIMAL UNIVERSAL
Número de la Clasificación Decimal Universal 512.547.4
080 ## - NÚMERO DE LA CLASIFICACIÓN DECIMAL UNIVERSAL
Número de la Clasificación Decimal Universal 510.68
100 1# - ENTRADA PRINCIPAL--NOMBRE DE PERSONA
Nombre de persona Paniego, José Ángel.
9 (RLIN) 175751
Término indicativo de función/relación Autor
245 10 - MENCIÓN DEL TÍTULO
Título Viaje al infinito matemático :
Resto del título un revolucionario concepto de infinito matemático y su aplicación al teorema de Gödel /
Mención de responsabilidad, etc. José Ángel Paniego.
250 ## - MENCION DE EDICION
Mención de edición 1ª edición
260 ## - PUBLICACIÓN, DISTRIBUCIÓN, ETC.
Lugar de publicación, distribución, etc. El Ejido :
Nombre del editor, distribuidor, etc. Letrame Grupo Editorial,
Fecha de publicación, distribución, etc. 2020
300 ## - DESCRIPCIÓN FÍSICA
Extensión 339 páginas ;
Dimensiones 22 cm
650 #7 - PUNTO DE ACCESO ADICIONAL DE MATERIA--TÉRMINO DE MATERIA
Término de materia o nombre geográfico como elemento de entrada Infinito.
9 (RLIN) 13752
650 #4 - PUNTO DE ACCESO ADICIONAL DE MATERIA--TÉRMINO DE MATERIA
Término de materia o nombre geográfico como elemento de entrada Teorema de Gödel.
9 (RLIN) 175752
852 4# - LOCALIZACIÓN
Ubicación ES-MaACL
Número de control de estantería N-8062
itemnumber 199437
Anotaciones manuscritas Dedicatoria autógrafa del autor
Donativo/Legado Donación: José Ángel Paniego
Ubicación en estantería Depósito J
Sublocalización o colección R. 153203
903 ## - NOMBRE PERSONAL DE DONANTE
9 175751
a Paniego, José Ángel
e Donante
942 ## - ELEMENTOS DE ENTRADA SECUNDARIOS (KOHA)
Tipo de ítem Koha Libro impreso
Suprimir en OPAC No
Holdings
Estatus retirado Estado de pérdida Fuente del sistema de clasificación o colocación Estado de daño No para préstamo Colección Biblioteca de origen Biblioteca actual Ubicación en estantería Fecha de adquisición Fuente de adquisición Total de préstamos Signatura topográfica completa Código de barras Visto por última vez Tipo de ítem Koha Nota pública
    Clasificación decimal universal     Libros con dedicatorias Biblioteca del Ateneo de Madrid Biblioteca del Ateneo de Madrid Depósito J 07/11/2022 Donación   N-8062 101206505 23/02/2023 Libro impreso Dedicatoria autógrafa del autor